Statistics for American Countries by Borders in 15 Seconds

Click here to take the quiz!

General Stats

  • This quiz has been taken 639 times
  • The average score is 20 of 25

Answers on the Map

Answers color-coded by a green-red scale on the quiz's map according to % correct below.
 

Answer Stats

country% Correct
Mexico
99%
Canada
98%
United States
98%
Colombia
94%
Argentina
92%
Bolivia
92%
Brazil
92%
Paraguay
91%
Peru
91%
Uruguay
91%
Venezuela
91%
Guyana
90%
Suriname
90%
France
89%
Chile
79%
Costa Rica
75%
Guatemala
74%
Honduras
70%
Panama
70%
Ecuador
69%
Nicaragua
68%
Belize
64%
El Salvador
60%
Dominican Republic
53%
Haiti
53%

Score Distribution

Percentile by Number Answered

Percent of People with Each Score

Your Score History

You have not taken this quiz